00604nam a2200205Ia 4500003000400000005001700004008004100021020001900062040000700081041000800088082001500096100002300111245003500134260003800169300000900207650002000216942001300236999001900249952013000268OSt20250909110159.0250729s2005 xx 000 0 und d a978-8176488877 cAL aeng a574.2 MISH aMishra B C9222442 aHealth and nutrition education aNew DelhibA P H Publishingc2005 a308p aScience9222443 2ddccBED c235464d235464 00104070aALbALd2025-07-29eSita Book Houseg150.00l0o574.2 MISHpBED00783r2025-07-29 16:54:01v150.00w2025-07-29yBK